00828cam a22002173a 45000010005000000030006000050050017000110080041000280400015000690420007000840500007000911000018000982450138001162600029002545000135002835060073004185160020004916530030005118300028005418560041005691694PGUSA20140828083005.0990401s1999||||xxu|||||s|||||000 | eng d aPGUSAbeng adc 4aKD1 aReilly, S. A.10aOur Legal Heritage :bThe First Thousand Years: 600 - 1600 : King Aethelbert - Queen Elizabethh[electronic resource] /cS. A. Reilly bProject Gutenberg,c1999 aThis book has undergone multiple editions, and is available as Project Gutenberg eBook numbers 1694, 6603, 13376, 36299 and 40780. aCopyrighted. Read the copyright notice inside this book for details. aElectronic text aLaw -- England -- History 0aProject Gutenbergv169440uhttp://www.gutenberg.org/ebooks/1694